<?xml version="1.0" encoding="UTF-8"?>
<collection xmlns="http://www.loc.gov/MARC21/slim">
    <record>
        <controlfield tag="001">5889</controlfield>
        <controlfield tag="005">20170405091946.0</controlfield>
        <datafield tag="037" ind1=" " ind2=" ">
            <subfield code="a">CORRESP-2011-094</subfield>
        </datafield>
        <datafield tag="041" ind1=" " ind2=" ">
            <subfield code="a">spa</subfield>
        </datafield>
        <datafield tag="100" ind1="1" ind2=" ">
            <subfield code="a">Celaya, Gabriel</subfield>
        </datafield>
        <datafield tag="245" ind1="0" ind2="0">
            <subfield code="a">Correspondencia de Gabriel Celaya, San Sebastián a 23/02/1951</subfield>
            <subfield code="f">1951-02-23</subfield>
        </datafield>
        <datafield tag="260" ind1=" " ind2=" ">
            <subfield code="a">San Sebastián</subfield>
            <subfield code="c">1951</subfield>
        </datafield>
        <datafield tag="300" ind1=" " ind2=" ">
            <subfield code="3">tarjeta postal</subfield>
            <subfield code="a">2</subfield>
        </datafield>
        <datafield tag="500" ind1=" " ind2=" ">
            <subfield code="a">Mecanografiada</subfield>
        </datafield>
        <datafield tag="653" ind1="1" ind2=" ">
            <subfield code="a">Transeunte central</subfield>
        </datafield>
        <datafield tag="653" ind1="1" ind2=" ">
            <subfield code="a">precio librería</subfield>
        </datafield>
        <datafield tag="653" ind1="1" ind2=" ">
            <subfield code="a">Cueto</subfield>
        </datafield>
        <datafield tag="700" ind1=" " ind2=" ">
            <subfield code="a">Labordeta, Miguel</subfield>
            <subfield code="e">destinatario</subfield>
        </datafield>
        <datafield tag="856" ind1="0" ind2=" ">
            <subfield code="f">590943@celes.unizar.es</subfield>
        </datafield>
        <datafield tag="856" ind1="4" ind2=" ">
            <subfield code="s">166397</subfield>
            <subfield code="u">http://zaguan.unizar.es/record/5889/files/CORRESP-2011-094.pdf</subfield>
            <subfield code="z">Original (spa)</subfield>
        </datafield>
        <datafield tag="856" ind1="4" ind2=" ">
            <subfield code="s">76508</subfield>
            <subfield code="u">http://zaguan.unizar.es/record/5889/files/CORRESP-2011-094_2.pdf</subfield>
            <subfield code="z">Transcripción</subfield>
        </datafield>
        <datafield tag="980" ind1=" " ind2=" ">
            <subfield code="a">PERSONAL</subfield>
            <subfield code="b">MLABORDETA</subfield>
        </datafield>
    </record>

    
</collection>